Atlas Kresów
| Titel: | Atlas Kresów : 33 arkusze map Wojskowego Instytutu Geograficznego w skali 1:300 000 z lat 1928-1938 / Adam Dylewski |
|---|---|
| Verfasser: | |
| Ausgabe: | Wydanie I |
| Veröffentlicht: | Bielsko-Biała : Wydawnictwo Dragon, 2022 |
| Umfang: | 367 Seiten : Illustrationen, Karten, Porträts ; 33,5 cm |
| Format: | Buch |
| Sprache: | Polnisch |
| ISBN: | 9788381729659 ; 9788381729642 |
alg: 50502889 001A $03004:14-02-23 001B $03025:03-03-23 $t14:24:09.000 001D $03004:28-02-23 001U $0utf8 001X $00 002@ $0Aau 002C $aText $btxt $2rdacontent 002D $aohne Hilfsmittel zu benutzen $bn $2rdamedia 002E $aBand $bnc $2rdacarrier 003@ $0505028891 004A $A978-83-8172-965-9 004A $A978-83-8172-964-2 006C $01334028601 $aOCoLC 007A $0BV048304822 $aBVB 010@ $apol 010E $erda 011@ $a2022 $n2022 013D $RBildband $RAtlaskartografie $RKarte $#Atlases $#Atlas $#Weltatlas $#Bildatlas $#Topographischer Atlas $#Topografischer Atlas $#Atlanten $74143303-8 $8Atlas [Ts1] $9085561835 021A $aAtlas Kresów $d33 arkusze map Wojskowego Instytutu Geograficznego w skali 1:300 000 z lat 1928-1938 $hAdam Dylewski 028A $BVerfasser $4aut $7114638761X $8Dylewski, Adam$Z1972- [Tp3] $9422563307 032@ $aWydanie I 033A $pBielsko-Biała $nWydawnictwo Dragon 034D $a367 Seiten 034I $a33,5 cm 034M $aIllustrationen, Karten, Porträts 044K $qBVB $RPolen $#Ostpolen $#Kresy Wschodnie $#Polen, Ost $74238028-5 $8Polnische Ostgebiete [Tg1] $9086247123 045F $a910.9477 $eDDC22BSB 045F/01 $a910 045F/03 $g477 045F/03 $g4793 045F/03 $g438 045F/03 $g478 045G $a306.0943809042 $eDDC23BSB 045G/01 $a306.09 045G/03 $f09042 045G/03 $f09043 045G/03 $g438 045G/03 $g477 045G/03 $g478 lok: 50502889 24 exp: 50502889 24 1 #EPN 201B/01 $014-04-23 $t09:29:51.000 201C/01 $014-02-23 201U/01 $0utf8 203@/01 $01227460619 208@/01 $a14-04-23 $bz 209A/01 $a2° - 23.00553 $du $f050 $h23 00553 $x00 209C/01 $a23.00553 K $h23 00553 K 209G/01 $a74642322 $x00 209G/01 $aGroßformat $x01 220C/01 $abar/hae 247C/01 $8358050-7Marburg, Bibliothek des Herder-Instituts Marburg $9102600961 lok: 50502889 78 exp: 50502889 78 1 #EPN 201B/01 $001-03-23 $t10:42:08.000 201C/01 $001-03-23 201U/01 $0utf8 203@/01 $01228016046 208@/01 $a01-03-23 $be 209A/01 $a/ $f000 $x00 209A/01 $ab*p $x01 220C/01 $aeja 244Z/01 $#Generalgouvernement Polen $#Polska $#Rzeczpospolita Polska $#Polska Rzeczpospolita Ludowa $#Poland $#Pologne $#République Polonaise $#Generalne Gubernatorstwo w Polsce $#Polish People's Republic $#Polska Rzeczpospolita Polen $#PRL $#RP $#Polen Generalgouvernement $#Polska Generalgouvernement $#Besetzte Polnische Gebiete $#Besetztes Gebiet in Polen $#Okupowane Polskie Obszary $#Obszary Okupowane w Polsce $#Volksrepublik Polen $#Polska Rosyjska $#Republic Polen $#Respublika Pol'ša $#Pol'skaja Narodnaja Respublika $#République de Pologne $#Polen Links der Weichsel $#Polska po Lewej Stronie Wisły $#Lenkija $#Polija $#Gubernija Carstva Pol'skago $#Republik Polen $74046496-9 $8--Tg1--Polen $x01 $9085129801 247C/01 $82080>Marburg/Lahn, Herder-Institut, Forschungsbibliothek, Bibliographieportal $9336309341
| LEADER | 00000cam a2200000 c 4500 | ||
|---|---|---|---|
| 001 | 505028891 | ||
| 003 | DE-603 | ||
| 005 | 20230303142409.0 | ||
| 007 | tu | ||
| 008 | 230214s2022 xx |||| | u00||u|pol c | ||
| 020 | |a 9788381729659 | ||
| 020 | |a 9788381729642 | ||
| 035 | |a (DE-599)BVBBV048304822 | ||
| 040 | |a DE-603 |b ger |c DE-603 |d DE-603 |e rda | ||
| 041 | |a pol | ||
| 082 | 0 | 4 | |8 1\u |a 910.9477 |q DE-101 |2 22/BSB |
| 083 | 0 | |8 2\u |a 306.0943809042 |q DE-101 |2 23/BSB | |
| 085 | |8 1\u |b 910 | ||
| 085 | |8 1\u |z 2 |s 477 | ||
| 085 | |8 1\u |z 2 |s 4793 | ||
| 085 | |8 1\u |z 2 |s 438 | ||
| 085 | |8 1\u |z 2 |s 478 | ||
| 085 | |8 2\u |b 306.09 | ||
| 085 | |8 2\u |z 1 |s 09042 | ||
| 085 | |8 2\u |z 1 |s 09043 | ||
| 085 | |8 2\u |z 2 |s 438 | ||
| 085 | |8 2\u |z 2 |s 477 | ||
| 085 | |8 2\u |z 2 |s 478 | ||
| 100 | 1 | |a Dylewski, Adam |d 1972- |e Verfasser |4 aut |0 (DE-603)422563307 |0 (DE-588)114638761X |2 gnd | |
| 245 | 0 | 0 | |a Atlas Kresów |b 33 arkusze map Wojskowego Instytutu Geograficznego w skali 1:300 000 z lat 1928-1938 |c Adam Dylewski |
| 250 | |a Wydanie I | ||
| 264 | 1 | |a Bielsko-Biała |b Wydawnictwo Dragon |c 2022 | |
| 300 | |a 367 Seiten |b Illustrationen, Karten, Porträts |c 33,5 cm | ||
| 336 | |a Text |b txt |2 rdacontent | ||
| 337 | |a ohne Hilfsmittel zu benutzen |b n |2 rdamedia | ||
| 338 | |a Band |b nc |2 rdacarrier | ||
| 651 | 7 | |a Polnische Ostgebiete |0 (DE-588)4238028-5 |0 (DE-603)086247123 |2 gnd | |
| 655 | 7 | |a Atlas |2 gnd-content |0 (DE-588)4143303-8 |0 (DE-603)085561835 | |
| 924 | 0 | |9 Mb 50 |a (DE-603)1227460619 |b DE-Mb50 |c HES |d c |g 2° - 23.00553 |h Großformat | |
| 924 | 0 | |9 2080 |a (DE-603)1228016046 |b DE-2080 |c HES |d d |g / | |


